00333 a2200121 450000100060000010000120000624500250001826000260004309000170006994200220008699900190010895200840012725677 aRoom, M aMasnavi Molana Room abSh Ghulam Alic1963 c17371d17371 aNUST-CAEcMc8193 c260750d260750 001040708NFICaCAEbCAEd2017-04-03l0pCAE17141r2017-04-05w2017-04-05yBK